Statistics for Words found in country names #2

Click here to take the quiz!

General Stats

  • This quiz has been taken 76 times
    (57 since last reset)
  • The average score is 12 of 20

Answer Stats

WordCountry name% Correct
zealNew Zealand
98%
cubCuba
96%
singSingapore
86%
moaSamoa
86%
jamJamaica
82%
edenSweden
81%
nameSuriname
79%
moldMoldova
79%
swanBotswana
68%
lawMalawi
68%
janAzerbaijan
60%
ariaBulgaria
53%
pinePhilippines
42%
hellSeychelles
42%
hutBhutan
39%
etnaVietnam
37%
rateUnited Arab Emirates
37%
rugUruguay
19%
starCosta Rica
18%
sandSaint Kitts and Nevis
12%

Score Distribution

Percentile by Number Answered

Percent of People with Each Score

Your Score History

You have not taken this quiz since the last reset